000 01110nam a2200301 a 4500
001 BRCA_4493
005 20190320204706.0
008 140910s1948----mx-a######---#000-0#spa-#
041 _aspa
044 _amx
050 4 _aZ491
_b.P67 1948
100 1 _aPorrúa, Manuel
_911382
245 1 0 _aCatálogo bibliográfico
_cManuel Porrúa ; advertencia preliminar por Agustín Millares Carlo.
260 _aMéxico
_bPorrúa
_c1948
300 _a124 p.
_bil.
_c25 cm.
440 0 _aLibros
_v2
_911383
500 _aEjemplar numerado 111 de 300
500 _aCFG5
501 _aCon: I. Impresos Mexicanos del Siglo XVI (´El arte tipográfico de Antonio Espinoza y Pedro Ocharte´. Estudio crítico del Dr. Emilio Valtón). -- II. Impresos raros. -- III. Otros libros importantes
650 1 4 _aBibliografía
_xPrimeros libros impresos
_ySiglo XVI
_zMéxico
_911384
650 1 4 _aLibros antiguos
_911385
650 1 4 _aLibrerías
_xLibreros
_911386
650 1 4 _aIncunables
_vFacsímiles
_911387
650 1 4 _aLibros raros
_911388
700 1 _aMillares Carlo, Agustín
_911389
902 _aGFM
942 _2lcc
_cB
999 _c4199
_d4199